Brno automapa /

Korporativní autor: Kartografie Praha (firma)
Další autoři: Douda, Jaromír
Jazyk: Ruština
Němčina
Francouzština
Čeština
Angličtina
Vydáno: Praha : Kartografie, 1973
Vydání: 4. vyd.
Edice: Automapa 1:200 000 (Kartografie)
Témata:
Fyzický popis: 1 mapa : barev. ; 44 x 52 cm
Language note: Text česky, rusky, anglicky, francouzsky a německy
Mapy
Uloženo v:
LEADER 01320nem a22003612a 4500
001 000055657
003 CZ BrMZK
005 20140801090116.0
007 aj|c||||
008 950407s1973 xr a | cze d
034 1 |a a  |b 200000 
040 |a BOA001  |b cze 
041 0 |a cze  |a rus  |a eng  |a fre  |a ger 
080 |a 913(437.322)  |2 MRF 
080 |a (084.3)656.1  |2 MRF 
245 0 0 |a Brno  |h [kartografický dokument]  |b automapa /  |c odpovědný redaktor Jaromír Douda 
250 |a 4. vyd. 
255 |a Měřítko 1:200 000 
260 |a Praha :  |b Kartografie,  |c 1973 
300 |a 1 mapa :  |b barev. ;  |c 44 x 52 cm 
490 1 |a Automapa ;  |v 2 
546 |a Text česky, rusky, anglicky, francouzsky a německy 
655 0 7 |a automapy  |7 fd131856  |2 czenas 
651 7 |a Brno (Česko : oblast)  |7 ge128414  |2 czenas 
700 1 |a Douda, Jaromír  |7 jo2007251293  |4 pbd 
710 2 |a Kartografie Praha (firma)  |7 kn20010724363  |4 pbl 
830 0 |a Automapa 1:200 000 (Kartografie)  |0 s 
910 |a BOA001  |b PK-0063.629-73  |b Skř.9A-0677.223-73 
964 |a Brno - mapy automobilové 
990 |a MP 
991 |b 201408 
996 6 |b 2619022693  |c Skř.9A-0677.223-73  |l MZK  |r Sklad / do 24 hodin  |n 0  |w 000055657  |u 000020  |a 1  |e BOA001  |j MZK50  |s P 
996 7 |b 3119976392  |c PK-0063.629-73  |l MZK  |r Sklad / do 1 hodiny  |n 5  |w 000055657  |u 000010  |a 1  |e BOA001  |j MZK50  |s A